[Event "Festival Carnevale d'Europa"]
[Site "Cento ITA"]
[Date "2011.02.05"]
[Round "1"]
[White "Arnetta, Maria Teresa"]
[Black "Drasko, Milan"]
[WhiteElo "2071"]
[BlackElo "2486"]
[Result "1/2-1/2"]
[PlyCount "178"]
[EventDate "2011.02.05"]

1. e4 e6 2. d4 d5 3. e5 Bd7 4. Bd3 a6 5. Nf3 Bb5 6. O-O Bxd3 7. Qxd3 c5 8. c4
dxc4 9. Qxc4 cxd4 10. Rd1 Nc6 11. Bf4 Nge7 12. Nc3 Nf5 13. Ne4 h5 14. Neg5 Qd7
15. Rac1 Be7 16. h3 Rd8 17. a3 Qd5 18. Qd3 f6 19. exf6 gxf6 20. Ne4 Qb5 21. Qb1
Kf7 22. b4 a5 23. Bc7 Rd7 24. Nc3 dxc3 25. Rxd7 axb4 26. axb4 Nxb4 27. Rxe7+
Nxe7 28. Rxc3 Ned5 29. Rc1 Qd3 30. Qa1 Rc8 31. Bg3 Rxc1+ 32. Qxc1 Nc6 33. Qh6
Nc3 34. Qxh5+ Qg6 35. Qh8 Ne2+ 36. Kh2 Nxg3 37. fxg3 Qg8 38. Qh5+ Ke7 39. h4 e5
40. Qf5 Qe6 41. Qh7+ Qf7 42. Qb1 Kf8 43. Qf5 Ne7 44. Qd7 Qd5 45. Qg4 e4 46. Ng1
Qf5 47. Qd1 Nd5 48. Ne2 Qe5 49. Qc1 Kg7 50. Qc8 b6 51. Qg4+ Kh7 52. h5 Ne7 53.
Nf4 Qf5 54. Qd1 Ng8 55. Qd8 Nh6 56. Qe7+ Kg8 57. Qd8+ Kh7 58. Qxb6 Ng4+ 59. Kg1
Qd7 60. Qb1 Qd4+ 61. Kh1 Kh6 62. Qc1 e3 63. Qb1 Ne5 64. Qf5 e2 65. Qxf6+ Kh7
66. Qe7+ Kh6 67. Qf6+ Kh7 68. Nxe2 Qd1+ 69. Ng1 Qxh5+ 70. Qh4 Kg6 71. Qxh5+
Kxh5 72. Nf3 Nd3 73. Nh2 Kg5 74. Kg1 Kf5 75. Kf1 Ne5 76. Ke2 Nc4 77. g4+ Kf4
78. Kf2 Nd6 79. g3+ Kg5 80. Kf3 Nf7 81. Kg2 Nd6 82. Nf3+ Kxg4 83. Nh2+ Kg5 84.
Kf3 Nc4 85. Nf1 Ne5+ 86. Ke4 Nd7 87. Ne3 Nf6+ 88. Kf3 Nh5 89. g4 Nf6 1/2-1/2

[Event "Festival Carnevale d'Europa"]
[Site "Cento ITA"]
[Date "2011.02.05"]
[Round "1"]
[White "Bentivegna, Francesco"]
[Black "Vezzelli, Francesco"]
[WhiteElo "2348"]
[BlackElo "1905"]
[Result "1-0"]
[PlyCount "59"]
[EventDate "2011.02.05"]

1. e4 c5 2. c3 e6 3. d4 cxd4 4. cxd4 d5 5. e5 Qb6 6. Nf3 Nc6 7. Nc3 Bd7 8. Be2
Nge7 9. O-O Nf5 10. Na4 Qd8 11. g4 Nh4 12. Nxh4 Qxh4 13. Bf4 g6 14. Bg3 Qd8 15.
Rc1 Rc8 16. a3 Be7 17. Nc5 Bxc5 18. dxc5 O-O 19. b4 a6 20. f4 Qe7 21. g5 Rfd8
22. Be1 Qe8 23. Rc3 Na7 24. Rh3 Kg7 25. Qd4 Qe7 26. f5 Qxg5+ 27. Rg3 Nc6 28.
Qb2 Qxg3+ 29. hxg3 exf5 30. e6+ 1-0

[Event "Festival Carnevale d'Europa"]
[Site "Cento ITA"]
[Date "2011.02.05"]
[Round "1"]
[White "Binder, Andrea"]
[Black "Fierro Baquero, Martha Lorena"]
[WhiteElo "1915"]
[BlackElo "2363"]
[Result "0-1"]
[PlyCount "88"]
[EventDate "2011.02.05"]

1. Nf3 g6 2. g3 Bg7 3. Bg2 Nf6 4. O-O O-O 5. d3 c5 6. e4 Nc6 7. Nbd2 Rb8 8. Re1
b5 9. c3 Qb6 10. a4 a6 11. axb5 axb5 12. Nf1 e5 13. Ne3 d6 14. Qc2 h6 15. h3
Be6 16. Nd2 Rfc8 17. Nd5 Qd8 18. Nf1 Ra8 19. Bd2 Kh7 20. Nfe3 Ne7 21. Nxe7 Qxe7
22. c4 Qd7 23. Kh2 h5 24. cxb5 Qxb5 25. Nc4 Ra6 26. Ra3 Rb8 27. Rea1 Rxa3 28.
bxa3 Qa6 29. a4 d5 30. exd5 Nxd5 31. Re1 Nb4 32. Bxb4 cxb4 33. Rb1 h4 34. a5
hxg3+ 35. fxg3 Qb5 36. Bf1 Qc5 37. Qd2 Bxc4 38. dxc4 Qxa5 39. Rb3 e4 40. Be2
Rd8 41. Qc2 Bc3 42. Qc1 Rd2 43. Qf1 Qa2 44. Qxf7+ Bg7 0-1

[Event "Festival Carnevale d'Europa"]
[Site "Cento ITA"]
[Date "2011.02.05"]
[Round "1"]
[White "Bruno, Fabio"]
[Black "Cardani, Roberto"]
[WhiteElo "2436"]
[BlackElo "1947"]
[Result "1-0"]
[PlyCount "61"]
[EventDate "2011.02.05"]

1. d4 Nf6 2. Nf3 d5 3. Bf4 c5 4. e3 e6 5. c3 Nc6 6. Nbd2 Bd6 7. Bg3 O-O 8. Bd3
b6 9. Ne5 Bb7 10. f4 Ne7 11. Qf3 Nf5 12. O-O Be7 13. Rad1 Qc8 14. Rfe1 Nd6 15.
Bh4 Nde4 16. Qh3 Qc7 17. Ndf3 Rad8 18. Re2 Bc8 19. g4 Bb7 20. Rg2 Ne8 21. Rf1
f5 22. Be1 Bf6 23. gxf5 Bxe5 24. Nxe5 exf5 25. Kh1 N8d6 26. Rfg1 Ne8 27. Bxe4
dxe4 28. dxc5 bxc5 29. c4 Bc8 30. Bc3 Nf6 31. Ba5 1-0

[Event "Festival Carnevale d'Europa"]
[Site "Cento ITA"]
[Date "2011.02.05"]
[Round "1"]
[White "Burani, Eugenio"]
[Black "Malloni, Marcello"]
[WhiteElo "1874"]
[BlackElo "2285"]
[Result "0-1"]
[PlyCount "94"]
[EventDate "2011.02.05"]

1. e4 e5 2. Nf3 Nc6 3. Bc4 Bc5 4. c3 Nf6 5. d3 a6 6. O-O Ba7 7. b4 d6 8. h3 O-O
9. Re1 Ne7 10. d4 Ng6 11. dxe5 dxe5 12. Qxd8 Rxd8 13. Nbd2 Bd7 14. Nf1 h6 15.
Be3 Bxe3 16. Rxe3 Bc6 17. Ng3 b6 18. Rae1 a5 19. b5 Bb7 20. h4 Ng4 21. h5 Nf4
22. Nf5 Kf8 23. g3 Nxh5 24. R3e2 Nhf6 25. Nd2 g6 26. Nh4 Nd7 27. f3 Ngf6 28.
Nf1 Nc5 29. Ne3 Rd7 30. Ng4 Nxg4 31. fxg4 Kg7 32. Nf3 f6 33. Nd2 Rad8 34. Nb3
Na4 35. Re3 Nb2 36. Bf1 Rd1 37. Bg2 Bc8 38. Bf3 R1d3 39. Nc1 R3d6 40. R3e2 Na4
41. Rc2 Be6 42. c4 Nc5 43. Re3 a4 44. Ne2 Rd2 45. Rec3 Rd1+ 46. Kg2 Nd3 47. Kh3
h5 0-1

[Event "Festival Carnevale d'Europa"]
[Site "Cento ITA"]
[Date "2011.02.05"]
[Round "1"]
[White "Calavalle, Giulio"]
[Black "Pasqualetto, Lorenzo"]
[WhiteElo "2237"]
[BlackElo "1691"]
[Result "1-0"]
[PlyCount "61"]
[EventDate "2011.02.05"]

1. e4 c6 2. d4 d5 3. Nd2 dxe4 4. Nxe4 Bf5 5. Ng3 Bg6 6. Nf3 Nd7 7. Bc4 e6 8.
O-O Bd6 9. Re1 Qc7 10. Qe2 O-O-O 11. c3 Ngf6 12. b4 Nd5 13. Bd2 Nf4 14. Qd1 Nd3
15. Bxd3 Bxd3 16. Bg5 Bg6 17. Bxd8 Kxd8 18. Ne5 Kc8 19. Qe2 Nxe5 20. dxe5 Be7
21. Rad1 h5 22. Qc4 Kb8 23. Ne4 b5 24. Qd4 Bxe4 25. Qxe4 g6 26. Rd3 Rd8 27.
Red1 Rxd3 28. Rxd3 Kc8 29. Rf3 Bf8 30. Qf4 Qd7 31. g3 1-0

[Event "Festival Carnevale d'Europa"]
[Site "Cento ITA"]
[Date "2011.02.05"]
[Round "1"]
[White "Campini, Marco"]
[Black "Salvador, Roland"]
[WhiteElo "2086"]
[BlackElo "2533"]
[Result "0-1"]
[PlyCount "69"]
[EventDate "2011.02.05"]

1. e4 c6 2. d4 d5 3. Nc3 dxe4 4. Nxe4 Nf6 5. Nxf6+ exf6 6. Bc4 b5 7. Bb3 a5 8.
a4 b4 9. Ne2 Bd6 10. Be3 Qc7 11. Qd2 O-O 12. h3 Ba6 13. O-O Nd7 14. Rfe1 Rfe8
15. c4 bxc3 16. bxc3 f5 17. Bc2 Nb6 18. Bxf5 Nc4 19. Qc1 Nxe3 20. fxe3 Qe7 21.
Nf4 Qf6 22. Bg4 c5 23. Bd7 Bxf4 24. Bxe8 Bg3 25. Bb5 Bf2+ 26. Kh1 Bb7 27. d5
Bxd5 28. e4 Bxe1 29. Qxe1 Bb7 30. Qe3 Qe5 31. Re1 g6 32. Kg1 Kg7 33. Qd3 Rc8
34. Ba6 c4 35. Bxc4 0-1

[Event "Festival Carnevale d'Europa"]
[Site "Cento ITA"]
[Date "2011.02.05"]
[Round "1"]
[White "Caprio, Guido"]
[Black "Albinelli, Alberto"]
[WhiteElo "2272"]
[BlackElo "1817"]
[Result "1-0"]
[PlyCount "56"]
[EventDate "2011.02.05"]

1. e4 e5 2. Bc4 Nf6 3. d3 c6 4. Nf3 d5 5. Bb3 Bd6 6. O-O h6 7. exd5 cxd5 8. Re1
Nc6 9. Nxe5 O-O 10. Bf4 Nd4 11. Nd2 Qc7 12. c3 Nxb3 13. axb3 Bf5 14. d4 Ne4 15.
Qf3 f6 16. Nd3 Bxf4 17. Nxf4 Nxd2 18. Qxd5+ Qf7 19. Qxf5 Qxb3 20. Ng6 Rfe8 21.
Ne7+ Kh8 22. Rxa7 Qxb2 23. Qd3 Rac8 24. h4 Nc4 25. Ng6+ Kg8 26. Rxe8+ Rxe8 27.
Qxc4+ Kh7 28. Qd3 Rh8 1-0

[Event "Festival Carnevale d'Europa"]
[Site "Cento ITA"]
[Date "2011.02.05"]
[Round "1"]
[White "Cavatorta, Fosco"]
[Black "Bove, Alessandro"]
[WhiteElo "1917"]
[BlackElo "2365"]
[Result "0-1"]
[PlyCount "76"]
[EventDate "2011.02.05"]

1. d4 Nf6 2. Nf3 e6 3. e3 b6 4. Bd3 Bb7 5. O-O Be7 6. c4 c5 7. Nc3 O-O 8. d5
exd5 9. cxd5 d6 10. e4 Nbd7 11. Bg5 Nxd5 12. Nxd5 Bxg5 13. Nxg5 Qxg5 14. f4 Qd8
15. g4 Nf6 16. g5 Nxd5 17. exd5 f5 18. Qf3 Qd7 19. a4 Qf7 20. Bc4 Rae8 21. Rae1
Rxe1 22. Rxe1 Re8 23. Kf2 Rxe1 24. Kxe1 Qe8+ 25. Qe2 Kf7 26. Qxe8+ Kxe8 27. Bd3
Bxd5 28. Bxf5 h6 29. Bc2 hxg5 30. fxg5 Ke7 31. h4 Bf7 32. Kd2 Ke6 33. Ke3 Ke5
34. Bd3 Bh5 35. Bc2 d5 36. b3 d4+ 37. Kf2 Kf4 38. Kg2 Ke3 0-1

[Event "Festival Carnevale d'Europa"]
[Site "Cento ITA"]
[Date "2011.02.05"]
[Round "1"]
[White "Colonnello, Piero"]
[Black "Ansell, Simon T."]
[WhiteElo "1934"]
[BlackElo "2423"]
[Result "1/2-1/2"]
[PlyCount "59"]
[EventDate "2011.02.05"]

1. e4 c6 2. Nf3 d5 3. Nc3 dxe4 4. Nxe4 Nf6 5. Nxf6+ gxf6 6. d4 Bg4 7. Be2 e6 8.
Be3 Nd7 9. Qd2 Qc7 10. O-O-O O-O-O 11. Nh4 Bxe2 12. Qxe2 Qa5 13. Kb1 Nb6 14. c4
Qa6 15. Rc1 Be7 16. Rhd1 Rd7 17. Qc2 Qa5 18. g3 Qh5 19. Ng2 Qg6 20. Nf4 Qxc2+
21. Rxc2 Rhd8 22. d5 Kb8 23. Bxb6 axb6 24. Rcd2 b5 25. b3 e5 26. Ng2 cxd5 27.
cxb5 d4 28. Ne3 Bb4 29. Nf5 Bc3 30. Rb2 1/2-1/2

[Event "Festival Carnevale d'Europa"]
[Site "Cento ITA"]
[Date "2011.02.05"]
[Round "1"]
[White "Damia, Angelo"]
[Black "Bonetti, Carlo"]
[WhiteElo "2360"]
[BlackElo "1915"]
[Result "1-0"]
[PlyCount "77"]
[EventDate "2011.02.05"]

1. e4 e6 2. d4 d5 3. Nc3 Nf6 4. e5 Nfd7 5. Qh5 c5 6. Nf3 g6 7. Qg4 cxd4 8. Nxd4
Nxe5 9. Qg3 Bg7 10. Bf4 Nbc6 11. Nxc6 Nxc6 12. Bc7 Qf6 13. Bd6 Bf8 14. Bb5 Bxd6
15. Qxd6 Qd8 16. Bxc6+ bxc6 17. Qxc6+ Bd7 18. Qd6 Qb8 19. Qxb8+ Rxb8 20. O-O-O
Bc6 21. Rhe1 O-O 22. f4 Rb4 23. Ne2 Rfb8 24. Nd4 Be8 25. b3 a5 26. Re3 Rc8 27.
a3 Rb7 28. Rdd3 Rbc7 29. Kb2 a4 30. Rc3 axb3 31. cxb3 Kf8 32. Rxc7 Rxc7 33.
Rxe6 fxe6 34. Nxe6+ Ke7 35. Nxc7 Bc6 36. Kc3 Kd6 37. Na6 d4+ 38. Kxd4 Bxg2 39.
Nc5 1-0

[Event "Festival Carnevale d'Europa"]
[Site "Cento ITA"]
[Date "2011.02.05"]
[Round "1"]
[White "De Florio, Federico"]
[Black "Denozza, Mauro"]
[WhiteElo "2196"]
[BlackElo "1672"]
[Result "1-0"]
[PlyCount "33"]
[EventDate "2011.02.05"]

1. d4 d5 2. Nf3 e6 3. e3 Nf6 4. Bd3 c5 5. c3 Bd6 6. Nbd2 Nc6 7. O-O O-O 8. dxc5
Bxc5 9. e4 Qc7 10. Qe2 dxe4 11. Nxe4 Nxe4 12. Bxe4 e5 13. Bxc6 Qxc6 14. Qxe5
Re8 15. Qg3 Bd6 16. Bf4 Bxf4 17. Qxf4 1-0

[Event "Festival Carnevale d'Europa"]
[Site "Cento ITA"]
[Date "2011.02.05"]
[Round "1"]
[White "De Santis, Alessio"]
[Black "Vesce, Emanuele"]
[WhiteElo "2289"]
[BlackElo "1875"]
[Result "1-0"]
[PlyCount "61"]
[EventDate "2011.02.05"]

1. b3 e5 2. Bb2 Nc6 3. e3 d6 4. d4 Nf6 5. Nf3 e4 6. d5 Nb4 7. Ng5 h6 8. a3
Nxc2+ 9. Qxc2 hxg5 10. Nc3 Bd7 11. Rd1 Qe7 12. Rd4 c5 13. dxc6 Bxc6 14. Bb5 Qd7
15. Bxc6 Qxc6 16. Rc4 Qd7 17. Nxe4 Nd5 18. Nxg5 Be7 19. Bxg7 Rh5 20. Nf3 b5 21.
Rd4 Rc8 22. Qb1 Nf6 23. O-O Rcc5 24. Rfd1 Rcf5 25. Bxf6 Rxf6 26. Qe4 Rhf5 27.
Qa8+ Bd8 28. Rh4 Ke7 29. Nd4 Rxf2 30. Qe4+ Kf8 31. Rh8+ 1-0

[Event "Festival Carnevale d'Europa"]
[Site "Cento ITA"]
[Date "2011.02.05"]
[Round "1"]
[White "Dvirnyy, Danyyil"]
[Black "Pierangeli, Andrea"]
[WhiteElo "2480"]
[BlackElo "1964"]
[Result "1-0"]
[PlyCount "87"]
[EventDate "2011.02.05"]

1. e4 e6 2. Qe2 d5 3. exd5 Qxd5 4. Nc3 Qd8 5. Nf3 Nf6 6. g3 Nbd7 7. Bg2 Be7 8.
O-O O-O 9. d4 c6 10. b3 Re8 11. Bb2 Qc7 12. Rfe1 Nf8 13. Ne5 Bd7 14. Rad1 Rad8
15. a3 Bc8 16. h4 a6 17. Qc4 Bd6 18. Qe2 Be7 19. h5 h6 20. Ne4 N6d7 21. Nd3 Nh7
22. c4 Nhf6 23. c5 Nxe4 24. Bxe4 Nf6 25. Bf3 Nd5 26. Ne5 Bf8 27. Qc2 Nf6 28.
Nc4 Nd5 29. Bc1 Kh8 30. Bd2 Rd7 31. Ba5 Qb8 32. Ne5 Rde7 33. Rd3 Kg8 34. Bd1 f6
35. Ng6 Rf7 36. Rf3 e5 37. Nxe5 Rxe5 38. dxe5 Re7 39. exf6 Rxe1+ 40. Bxe1 Nxf6
41. Rxf6 Bh3 42. Qg6 Qe5 43. Qf7+ Kh7 44. Rxh6+ 1-0

[Event "Festival Carnevale d'Europa"]
[Site "Cento ITA"]
[Date "2011.02.05"]
[Round "1"]
[White "Gioga, Michele"]
[Black "Govoni, Fausto"]
[WhiteElo "1682"]
[BlackElo "2203"]
[Result "0-1"]
[PlyCount "44"]
[EventDate "2011.02.05"]

1. e4 c5 2. Nf3 d6 3. d4 cxd4 4. Nxd4 Nf6 5. Nc3 g6 6. Be3 Bg7 7. f3 Nc6 8. Qd2
O-O 9. Bc4 Bd7 10. g4 Ne5 11. Bb3 b5 12. Bh6 b4 13. Nd5 e6 14. Bxg7 Kxg7 15.
Ne3 Qb6 16. O-O-O a5 17. Nc4 Qc5 18. Nxe5 dxe5 19. g5 Nh5 20. Ne2 Bb5 21. Ng3
a4 22. Nxh5+ gxh5 0-1

[Event "Festival Carnevale d'Europa"]
[Site "Cento ITA"]
[Date "2011.02.05"]
[Round "1"]
[White "Godena, Michele"]
[Black "Sorbera, Giovanni"]
[WhiteElo "2541"]
[BlackElo "2135"]
[Result "1-0"]
[PlyCount "55"]
[EventDate "2011.02.05"]

1. e4 Nf6 2. e5 Nd5 3. d4 d6 4. Nf3 dxe5 5. Nxe5 c6 6. Nd2 Nd7 7. Nef3 b5 8.
Ne4 g6 9. Bd3 Bg7 10. O-O O-O 11. c3 N7f6 12. Nc5 Nd7 13. Ne4 N7f6 14. Re1 Nxe4
15. Bxe4 Bf5 16. Bxf5 gxf5 17. Qc2 e6 18. Ne5 Rc8 19. Nd3 Kh8 20. a4 Rg8 21.
axb5 cxb5 22. Rxa7 Bxd4 23. Rxf7 Qh4 24. Qd1 Qh3 25. Nf4 Rxg2+ 26. Nxg2 Bc5 27.
Rxe6 Ne3 28. Rxe3 1-0

[Event "Festival Carnevale d'Europa"]
[Site "Cento ITA"]
[Date "2011.02.05"]
[Round "1"]
[White "Gromovs, Sergejs"]
[Black "Guidi, Marco"]
[WhiteElo "2284"]
[BlackElo "1867"]
[Result "1-0"]
[PlyCount "91"]
[EventDate "2011.02.05"]

1. d4 Nf6 2. Nf3 c5 3. d5 e6 4. c4 exd5 5. cxd5 d6 6. Nc3 g6 7. e4 a6 8. a4 Bg4
9. Be2 Bxf3 10. Bxf3 Bg7 11. Bf4 Qe7 12. O-O O-O 13. Re1 Nbd7 14. Qd2 Ne5 15.
Be2 Rfe8 16. h3 Qc7 17. Rac1 Ned7 18. Bf1 Nh5 19. Bh2 Bd4 20. Kh1 Rad8 21. Nb5
axb5 22. Qxd4 Qb6 23. Qd1 bxa4 24. Re2 Ra8 25. Ra1 Ra5 26. Rxa4 Rea8 27. Rxa5
Rxa5 28. g4 Nhf6 29. f4 c4 30. g5 Qa7 31. Qc2 Nh5 32. Qxc4 Rc5 33. Qd3 Rc1 34.
Kg2 Qa4 35. Qe3 Qd1 36. Rf2 Nc5 37. b4 Nb3 38. f5 Nd4 39. fxg6 hxg6 40. Bxd6
Nc2 41. Qb6 Ne1+ 42. Kh1 Nf3 43. Qd8+ Kh7 44. Qe7 Rc2 45. Qxf7+ Ng7 46. Qxf3
1-0

[Event "Festival Carnevale d'Europa"]
[Site "Cento ITA"]
[Date "2011.02.05"]
[Round "1"]
[White "Jakovljevic, Vlado"]
[Black "Modder, Frank"]
[WhiteElo "2394"]
[BlackElo "1926"]
[Result "1-0"]
[PlyCount "38"]
[EventDate "2011.02.05"]

1. Nf3 d5 2. d4 c6 3. c4 Nf6 4. Nc3 dxc4 5. a4 e6 6. e3 Bb4 7. Bxc4 O-O 8. O-O
Nbd7 9. Qe2 Qa5 10. e4 Rd8 11. e5 Nd5 12. Nxd5 cxd5 13. Bd3 h6 14. Nh4 f5 15.
g4 Rf8 16. gxf5 exf5 17. Nxf5 Nb6 18. e6 Re8 19. Qg4 Kf8 1-0

[Event "Festival Carnevale d'Europa"]
[Site "Cento ITA"]
[Date "2011.02.05"]
[Round "1"]
[White "Korneev, Oleg"]
[Black "La Bella, Roberto"]
[WhiteElo "2576"]
[BlackElo "2138"]
[Result "1-0"]
[PlyCount "70"]
[EventDate "2011.02.05"]

1. e4 e5 2. Nf3 Nc6 3. Bc4 Nf6 4. d3 Bc5 5. c3 d6 6. Bb3 O-O 7. O-O a6 8. Nbd2
h6 9. h3 Ba7 10. Re1 Nh5 11. Nf1 Qf6 12. Be3 Nf4 13. d4 g5 14. dxe5 dxe5 15.
N3h2 Rd8 16. Qf3 Na5 17. Ng4 Qg7 18. Rad1 Re8 19. Bxa7 Nxb3 20. axb3 Rxa7 21.
Nge3 Qf6 22. Kh2 h5 23. Nf5 Bxf5 24. exf5 Qxf5 25. Ng3 Qg6 26. Qe4 Qb6 27. Qf5
Qg6 28. Rxe5 Rxe5 29. Rd8+ Kh7 30. Qxe5 Qg7 31. Qe4+ Ng6 32. Rd5 Ra8 33. Nxh5
Qh8 34. Rxg5 Kh6 35. Qe3 Qd8 1-0

[Event "Festival Carnevale d'Europa"]
[Site "Cento ITA"]
[Date "2011.02.05"]
[Round "1"]
[White "Lapenna, Antonio"]
[Black "Leon Hoyos, Manuel"]
[WhiteElo "2137"]
[BlackElo "2565"]
[Result "0-1"]
[PlyCount "102"]
[EventDate "2011.02.05"]

1. d4 Nf6 2. Nf3 g6 3. g3 Bg7 4. Bg2 c5 5. c4 O-O 6. O-O cxd4 7. Nxd4 Nc6 8.
Nc3 Nxd4 9. Qxd4 d6 10. b3 Be6 11. Bb2 Qd7 12. Qd2 Rfc8 13. Rfd1 Rab8 14. Nd5
Bxd5 15. Bxd5 Ne8 16. Rac1 Bxb2 17. Qxb2 Nf6 18. Bg2 Qf5 19. b4 Rc7 20. Qa3 b6
21. c5 bxc5 22. bxc5 dxc5 23. Qa5 Rb6 24. Rc4 Qe6 25. Rdc1 Qxe2 26. Bf1 Qb2 27.
R4c2 Qd4 28. Rc4 Qd7 29. Rxc5 Rxc5 30. Qxc5 Kg7 31. Re1 e6 32. Qc2 Rd6 33. Qc3
Qa4 34. Re2 Rd1 35. Rd2 Rxd2 36. Qxd2 e5 37. Qc3 Qxa2 38. Qxe5 a5 39. Qd4 Qb1
40. h3 h5 41. f3 Qb3 42. Kf2 a4 43. g4 hxg4 44. hxg4 g5 45. Qc5 Qa2+ 46. Be2
Qd2 47. Qe7 Qc1 48. Qa7 a3 49. Qa4 Qb2 50. Qa5 Nh7 51. f4 a2 0-1

[Event "Festival Carnevale d'Europa"]
[Site "Cento ITA"]
[Date "2011.02.05"]
[Round "1"]
[White "Litrico, Paolo"]
[Black "Simonian, Hrair"]
[WhiteElo "1954"]
[BlackElo "2475"]
[Result "0-1"]
[PlyCount "106"]
[EventDate "2011.02.05"]

1. d4 Nf6 2. Nf3 b6 3. Bg5 e6 4. Nbd2 Bb7 5. c3 c5 6. e3 h6 7. Bh4 Be7 8. Nc4
O-O 9. Bxf6 Bxf6 10. Nd6 cxd4 11. Nxd4 Bc6 12. Qd2 Qe7 13. Nf3 Bd5 14. Nb5 a6
15. Nbd4 Be4 16. Be2 d5 17. O-O e5 18. Nc2 Rd8 19. Rfd1 Nc6 20. Rac1 b5 21. Qe1
Rd6 22. Nd2 Bg6 23. Bf3 Rad8 24. Nb3 Qa7 25. h3 a5 26. a3 Qb6 27. Nba1 Bg5 28.
g3 f5 29. h4 Bf6 30. Rd2 Bf7 31. Rcd1 Ne7 32. Qf1 g5 33. Be2 gxh4 34. Qh3 hxg3
35. Qxg3+ Kh7 36. Kh2 Rg8 37. Qh3 Rg5 38. Rg1 Rxg1 39. Kxg1 Bg5 40. Kf1 f4 41.
Bh5 Rf6 42. Re2 Bxh5 43. Qxh5 fxe3 44. Nb3 Ng6 45. Qg4 Rf7 46. Nc1 exf2 47. Nd3
e4 48. Rxf2 Qa7 49. Qe6 Re7 50. Qxd5 exd3 51. Qxd3 Qd7 52. Nd4 Re3 53. Qxb5
Qh3+ 0-1

[Event "Festival Carnevale d'Europa"]
[Site "Cento ITA"]
[Date "2011.02.05"]
[Round "1"]
[White "Maietti, Luca"]
[Black "Mogranzini, Roberto"]
[WhiteElo "1945"]
[BlackElo "2425"]
[Result "0-1"]
[PlyCount "74"]
[EventDate "2011.02.05"]

1. d4 Nf6 2. Nf3 g6 3. Bg5 Bg7 4. Nbd2 h6 5. Bh4 d6 6. e4 g5 7. Bg3 Nh5 8. c3
e6 9. Bc4 Nc6 10. Qe2 Qe7 11. Qe3 f5 12. exf5 exf5 13. Qxe7+ Nxe7 14. h3 Bd7
15. Bh2 Bf6 16. O-O O-O-O 17. Nb3 Ng6 18. Rfe1 Ngf4 19. d5 Rdg8 20. Nfd4 g4 21.
h4 g3 22. fxg3 Nxg3 23. Nf3 Ngh5 24. Bxf4 Nxf4 25. Bf1 Rg4 26. Nbd4 Rhg8 27.
Re2 Nxe2+ 28. Nxe2 Bxh4 29. Nxh4 Rxh4 30. Nd4 Rhg4 31. Re1 Kd8 32. Ne6+ Bxe6
33. dxe6 Ke7 34. Kh2 R8g6 35. Kh1 Rxe6 36. Rxe6+ Kxe6 37. Bc4+ Rxc4 0-1

[Event "Festival Carnevale d'Europa"]
[Site "Cento ITA"]
[Date "2011.02.05"]
[Round "1"]
[White "Manca, Federico"]
[Black "Nonni, Alessio"]
[WhiteElo "2384"]
[BlackElo "1924"]
[Result "1-0"]
[PlyCount "57"]
[EventDate "2011.02.05"]

1. e4 g6 2. d4 Bg7 3. Nc3 d6 4. Nf3 a6 5. h3 b5 6. a4 b4 7. Ne2 Bb7 8. Ng3 Nf6
9. Bd3 a5 10. O-O O-O 11. Qe2 Nfd7 12. e5 Bxf3 13. Qxf3 Ra7 14. e6 fxe6 15. Qe3
Kh8 16. Ne4 c5 17. dxc5 Nxc5 18. Nxc5 dxc5 19. Qxc5 Bd4 20. Qc4 Qb6 21. Be3 e5
22. Bxd4 exd4 23. Rae1 Rc7 24. Qd5 Nc6 25. Re6 Qb7 26. Be4 Rfc8 27. Re1 Rd7 28.
Qg5 Rcc7 29. Bxg6 1-0

[Event "Festival Carnevale d'Europa"]
[Site "Cento ITA"]
[Date "2011.02.05"]
[Round "1"]
[White "Monducci, Mirko"]
[Black "Lekic, Dusan"]
[WhiteElo "1925"]
[BlackElo "2389"]
[Result "0-1"]
[PlyCount "34"]
[EventDate "2011.02.05"]

1. c4 e5 2. Nc3 Nf6 3. Nf3 Nc6 4. d3 Be7 5. g3 d5 6. cxd5 Nxd5 7. Bg2 Nb6 8.
O-O O-O 9. b3 Bg4 10. Bb2 Re8 11. Ne4 f5 12. Ned2 Bf6 13. Ne1 e4 14. Bxf6 Qxf6
15. f3 exf3 16. Nexf3 Nd5 17. Rc1 Qd8 0-1

[Event "Festival Carnevale d'Europa"]
[Site "Cento ITA"]
[Date "2011.02.05"]
[Round "1"]
[White "Pelyushenko, Vladyslav"]
[Black "Caruso, Augusto"]
[WhiteElo "1784"]
[BlackElo "2256"]
[Result "0-1"]
[PlyCount "90"]
[EventDate "2011.02.05"]

1. d4 e6 2. c4 f5 3. g3 Nf6 4. Bg2 Be7 5. Nf3 d6 6. Nc3 O-O 7. O-O Ne4 8. Qc2
Nxc3 9. Qxc3 a5 10. h4 h6 11. Ne1 Bf6 12. Nd3 c5 13. e3 Nc6 14. Bxc6 bxc6 15.
b3 Qb6 16. Bb2 cxd4 17. exd4 c5 18. dxc5 Bxc3 19. cxb6 Bxb2 20. Nxb2 Rb8 21.
Rad1 Rxb6 22. Na4 Rc6 23. Rd2 Kf7 24. Rfd1 Ke7 25. Rd4 g5 26. Re1 e5 27. Nc3
Be6 28. Nd5+ Kf7 29. Rd2 gxh4 30. gxh4 Rg8+ 31. Kh1 Rg4 32. f3 Rxh4+ 33. Kg1
Rc8 34. Ree2 Rh3 35. f4 e4 36. Kg2 Rh4 37. Kf1 Rc5 38. Ne3 Rxf4+ 39. Kg2 Rc6
40. Rf2 Rxf2+ 41. Rxf2 Kf6 42. Ng4+ Kg5 43. Ne3 f4 44. Nd5 Bxd5 45. cxd5 Rc1
0-1

[Event "Festival Carnevale d'Europa"]
[Site "Cento ITA"]
[Date "2011.02.05"]
[Round "1"]
[White "Proietti, Tosca"]
[Black "Cocchi, Andrea"]
[WhiteElo "1818"]
[BlackElo "2281"]
[Result "0-1"]
[PlyCount "80"]
[EventDate "2011.02.05"]

1. e4 c6 2. d4 d5 3. Nc3 dxe4 4. Nxe4 Nf6 5. Nxf6+ gxf6 6. Bf4 Qb6 7. Nf3 Qxb2
8. Be2 Qb4+ 9. Bd2 Qd6 10. Rb1 Nd7 11. Qc1 e5 12. dxe5 fxe5 13. Ng5 Nf6 14. Bc4
Nd5 15. O-O Be7 16. Qe1 f5 17. Nf3 e4 18. Bxd5 cxd5 19. Bb4 Qc7 20. Bxe7 Qxe7
21. Nd4 O-O 22. Qa5 Qe5 23. Rfd1 b6 24. Nc6 bxa5 25. Nxe5 Be6 26. Nc6 Kg7 27.
Nxa5 Rfc8 28. Rb2 Rab8 29. Rxb8 Rxb8 30. Nb3 Kf6 31. Kf1 Ke5 32. Ke1 Rb4 33. c3
Rb6 34. Ke2 Bd7 35. Kd2 f4 36. Ke1 Bb5 37. Rc1 Bc4 38. Nc5 Rb2 39. Na4 Rxa2 40.
Nc5 Re2+ 0-1

[Event "Festival Carnevale d'Europa"]
[Site "Cento ITA"]
[Date "2011.02.05"]
[Round "1"]
[White "Romanishin, Oleg M."]
[Black "Yurenok, Maria S."]
[WhiteElo "2534"]
[BlackElo "2092"]
[Result "1-0"]
[PlyCount "143"]
[EventDate "2011.02.05"]

1. d4 d5 2. Nf3 Nf6 3. c4 c6 4. e3 Bf5 5. Bd3 Bxd3 6. Qxd3 e6 7. O-O Nbd7 8.
Nc3 Bb4 9. Bd2 a5 10. a3 Bxc3 11. Bxc3 Ne4 12. Be1 O-O 13. a4 Qc7 14. Rc1 f5
15. Qb3 Qb6 16. Qa3 Rae8 17. Nd2 Nxd2 18. Bxd2 Rf7 19. Qc3 Ra8 20. b3 Qd8 21.
f3 Nf6 22. Be1 h6 23. Bg3 Qd7 24. Be5 Qe7 25. c5 Qd8 26. Rf2 Nd7 27. Bd6 Nf6
28. Rb2 Rd7 29. Be5 Nh7 30. Qe1 Ng5 31. Qg3 Qf8 32. Qe1 Nf7 33. Bg3 Kh7 34. Qc3
Qd8 35. Re2 Qf6 36. Rd1 g6 37. Red2 Kg8 38. Rf1 Kh7 39. Re2 Kg8 40. Rd2 Kh7 41.
h3 Qg5 42. Bh2 Qh4 43. Rb2 Kg8 44. b4 axb4 45. Rxb4 Qd8 46. Rfb1 Ra7 47. Qb3
Kh7 48. Bg3 Qa8 49. Bf4 Qd8 50. Bg3 Kg7 51. Qb2 Kh7 52. Rb6 Kg7 53. Qb4 Qa8 54.
Ra1 Ra6 55. a5 Kf6 56. Kh2 Rxb6 57. Qxb6 Qd8 58. a6 Qxb6 59. cxb6 bxa6 60. Rxa6
e5 61. Ra7 Rd8 62. Rxf7+ Kxf7 63. Bxe5 Rd7 64. Bc7 h5 65. b7 Rxc7 66. b8=Q Re7
67. Qc8 Re6 68. h4 Ke7 69. Kg3 Kf7 70. Kf4 Ke7 71. Qc7+ Kf6 72. Qd7 1-0

[Event "Festival Carnevale d'Europa"]
[Site "Cento ITA"]
[Date "2011.02.05"]
[Round "1"]
[White "Roversi, Stefano"]
[Black "Scalcione, Michelangelo"]
[WhiteElo "1885"]
[BlackElo "2344"]
[Result "1/2-1/2"]
[PlyCount "93"]
[EventDate "2011.02.05"]

1. e4 d6 2. d4 Nf6 3. Nc3 e5 4. dxe5 dxe5 5. Qxd8+ Kxd8 6. Nf3 Bd6 7. Bc4 Be6
8. Bxe6 fxe6 9. Bg5 Ke7 10. O-O-O Nbd7 11. Nd2 h6 12. Bxf6+ gxf6 13. Nb5 Bc5
14. Rhf1 a6 15. Nc3 b5 16. Nb3 Bb6 17. Rd3 Rag8 18. g3 Nb8 19. f3 c5 20. Rdd1
c4 21. Nd2 h5 22. a4 Bd4 23. axb5 Bxc3 24. bxc3 axb5 25. Kb2 Nd7 26. Ra1 Ra8
27. Rxa8 Rxa8 28. Ra1 Rxa1 29. Kxa1 Kd6 30. h4 f5 31. Kb2 Nf6 32. Kc1 Kc5 33.
Kd1 b4 34. cxb4+ Kxb4 35. exf5 exf5 36. Nf1 Kc3 37. Ne3 f4 38. Nf5 Nd5 39. gxf4
exf4 40. Ng7 Ne3+ 41. Kc1 Kd4 42. Nxh5 Ng2 43. Kd2 c3+ 44. Ke2 Ke5 45. Kd3 Nxh4
46. Kxc3 Nxf3 47. Nxf4 1/2-1/2